000 00600nam a2200181Ia 4500
008 151018s9999 xx 000 0 und d
082 _bRBASDV43295
_a891.432
100 _aअमृत लाल मदान
245 _aश्रेष्ठ बाल ऎकांकी
250 _b1
260 _bआधार
_c2007
300 _a112
600 _aअमृत लाल मदान
630 _aश्रेष्ठ बाल ऎकांकी
700 _aअमृत लाल मदान
730 _aश्रेष्ठ बाल ऎकांकी
942 _cBOOK
999 _c1042509
_d1042506